Provincias Argentinas - ¡Muerte súbita! - Estadísticas

Estadísticas generales
  • Esta prueba ha sido intentada 4.846 veces
  • La puntuación promedio es 11 de 18
Answers on the Grid
Answers color-coded by a green-red scale on the quiz's grid according to % correct below.
Córdoba
Bolívar
Entre Ríos
Neuquén
Amazonas
Chubut
Guerrero
Santiago
Misiones
Corrientes
Vaupés
Buenos Aires
La Pampa
Sucre
Formosa
Treinta y tres
Montevideo
Jujuy
Santiago del Estero
San Juan
Itapuá
Boquerón
Santa Cruz
Tucumán
Cuenca
Río Negro
León
Pastaza
Salta
San Luis
Quito
Tierra del Fuego
 
Estadísticas de respuestas
Respuesta % Correcto
Córdoba
97%
Entre Ríos
77%
Buenos Aires
73%
La Pampa
67%
Neuquén
67%
Tierra del Fuego
63%
Corrientes
61%
Misiones
61%
Tucumán
61%
Chubut
58%
Jujuy
58%
Salta
57%
Río Negro
56%
Santa Cruz
54%
Santiago del Estero
54%
Formosa
53%
San Juan
53%
San Luis
53%
No se encontraron pruebas coincidentes
Distribución de puntuación
Porcentaje de gente con cada puntuación
Porcentaje por número respondido
Historial de tus puntuaciones
No has intentado esta prueba.